00905 2200301 4500001002100000005001500021035002000036007000300056008004100059020002200100040002200122082001500144084001700159090002200176100003400198245005100232250003600283300005800319650003200377850001200409504003200421264003200453336002100485337003000506338002300536999002200559990002200581INLIS00000000085972520210510092022 a0010-0521000306ta210510t2020 yoia e 0 ind d a978-623-02-1923-8 aYOPDYOGbinderda04223a304.62 a304.62 IKE m aCB-D.11 2020-20720 aIke Anggraenid1978-epenulis10aMenilik covid-19 di bumi Etam /cIke Anggraeni aCetakan pertama: November, 2020 avi, 60 halaman :bilustrasi, gambar berwarna ;c23 cm 4aEpidemi--xAspek demografis aYOPDYOG aBibliografi : halaman 55-6031aSleman :bDeepublish,c2020 2rdacontentateks 2rdamediaatanpa perantara 2rdacarrieravolume aCB-D.11/2020-2072 aCB-D.11/2020-2072